| 000 | 00624nam a2200169 a 4500 | ||
|---|---|---|---|
| 008 | 120416s1997 ||||||||||||||||| || u | ||
| 020 | _a155775652X | ||
| 050 | _aIMF(02) | ||
| 100 | _aBlejer, Mario I | ||
| 245 | 1 | 0 |
_aOptimum currency areas: new analytical and policy developments _cedited by Mario I. Blejer [and others] |
| 260 |
_aWashington, D.C. _bIMF _c1997 |
||
| 300 | _aiv, 114p. : ill. | ||
| 350 | _a0.00 | ||
| 650 | _aMonetary unions | ||
| 650 | _aMONETARY POLICY | ||
| 995 |
_D0.00 _FCBU-MAIN LIBRARY (Kitwe) _H1 _I15.00 _UAVAILABLE _ZAnnex Low-Usage Collection |
||
| 999 |
_c52745 _d52745 |
||